Čo stratila kozička

Podrobná bibliografia
Hlavný autor: Turan, Ján, 1932-2021 (Autor)
Médium: Článok
Jazyk:slovenčina
ISSN:1335-6488
Predmet:

MARC

LEADER 00000nab a2200000 a 4500
001 vtls008827924
003 SK-MaSNL
005 20260303071558.0
008 060630 2006 xo m 000 0 slo
015 |a SNBRB2006/06 
038 |a KEKMK 
040 |a KEKMK  |b slo  |c KEKMK  |e AACR2 
041 |a slo 
044 |a xo  |c SK 
080 |a 82-93  |2 2001 
100 1 |a Turan, Ján,  |d 1932-2021  |4 aut  |9 88156 
245 1 0 |a Čo stratila kozička  |c Ján Turan 
650 0 7 |a literatúra pre deti a mládež  |2 kekmk  |9 21893 
773 0 |t Včielka : časopis pre najmenších  |g Roč.48,č.9 máj (2006), s.3.  |x 1335-6488 
852 |a KEKMK  |b KIS3G 
999 |c 1760622  |d 1762552